[Event "Muppets on tour 1st practice"]
[Site "SchemingMind.com"]
[Date "2020.09.19"]
[Round "-"]
[White "Keithk"]
[Black "Matthew Bailey"]
[Result "1/2-1/2"]
[WhiteCountry "ENG"]
[BlackCountry "ENG"]
[WhiteElo "2610"]
[WhiteRD "68"]
[BlackElo "2580"]
[BlackRD "61"]
[GameID "460261"]

1. e4 e5 2. Bc4 Nf6 3. d3 c6 4. Nf3 d5 5. Bb3 a5 6. a4 Bb4+ 7. c3 Bd6 8. exd5 cxd5 9. Bg5 Be6 10. Na3 Nbd7
11. O-O Rc8 12. Nb5 Bb8 13. h3 O-O 14. Bh4 Qb6 15. Re1 Rfe8 16. Bg3 Bf5 17. d4 e4 18. Bxb8 Nxb8 19. Nd2 Bd7 20. Nf1 Na6
21. Ne3 Bxb5 22. axb5 Nc7 23. f4 Red8 24. Ba4 Qd6 25. Rf1 Ra8 26. f5 Qg3 27. Qe1 Qxe1 28. Rfxe1 Rd6 29. Rec1 Nd7 30. Ra2 g6
31. Rca1 b6 32. h4 h6 33. g4 Nf6 34. Kf2 g5 35. h5 Rad8= 36. b3 R6d7 37. Rd1 Nce8 38. Rc2 Kg7 39. Ke1 Kg8 40. Rh2 Nd6
41. Rc2 Nb7 42. Rcd2 Kf8 43. Rc1 Kg7=
1/2-1/2

[Event "Muppets on tour 1st practice"]
[Site "SchemingMind.com"]
[Date "2020.09.19"]
[Round "-"]
[White "Matthew Bailey"]
[Black "Keithk"]
[Result "1/2-1/2"]
[WhiteCountry "ENG"]
[BlackCountry "ENG"]
[WhiteElo "2580"]
[WhiteRD "61"]
[BlackElo "2610"]
[BlackRD "68"]
[GameID "460262"]

1. e4 e5 2. Nf3 Nc6 3. d4 exd4 4. Nxd4 Nf6 5. Nxc6 bxc6 6. e5 Qe7 7. Qe2 Nd5 8. c4 Ba6 9. b3 g6 10. Bb2 Bg7
11. g3 O-O 12. Bh3 f6 13. e6 f5 14. O-O Nb6 15. Bxg7 Qxg7 16. Na3 Rfe8 17. Bg2 Bb7 18. Nc2 a5 19. Rad1 dxe6 20. f4 e5
21. fxe5 Rxe5 22. Qf2 Nd7 23. Nd4 Rae8 24. Nf3 Re3 25. Rfe1 Rxe1+ 26. Rxe1 Rxe1+ 27. Qxe1 c5 28. Qxa5 Bxf3 29. Bxf3=
1/2-1/2

[Event "Muppets on tour 1st practice"]
[Site "SchemingMind.com"]
[Date "2020.09.19"]
[Round "-"]
[White "Keithk"]
[Black "Randy Bahr"]
[Result "1-0"]
[WhiteCountry "ENG"]
[BlackCountry "USA"]
[WhiteElo "2610"]
[WhiteRD "73"]
[BlackElo "1770"]
[BlackRD "69"]
[GameID "460263"]

1. e4 c6 2. Nc3 d5 3. d4 dxe4 4. Nxe4 Bf5 5. Ng3 Bg6 6. Nf3 Nf6 7. h4 h6 8. Ne5 Bh7 9. Bd3 Nbd7 10. Bxh7 Nxe5
11. dxe5 Qxd1+ 12. Kxd1 Nxh7 13. Ke2 e6 14. Be3 Be7 15. Rad1 O-O 16. Rd7 Rfe8 17. Rxb7 f6 18. Rd1 fxe5 19. Rdd7 Kf8 20. Bc5 Kf7
21. Bxe7 Rxe7 22. Rxe7+
1-0

[Event "Muppets on tour 1st practice"]
[Site "SchemingMind.com"]
[Date "2020.09.19"]
[Round "-"]
[White "Randy Bahr"]
[Black "Keithk"]
[Result "0-1"]
[WhiteCountry "USA"]
[BlackCountry "ENG"]
[WhiteElo "1798"]
[WhiteRD "72"]
[BlackElo "2610"]
[BlackRD "68"]
[GameID "460264"]

1. c4 e5 2. Nc3 Nf6 3. Nf3 Nc6 4. g3 d5 5. cxd5 Nxd5 6. Bg2 Nb6 7. O-O Be7 8. a3 O-O 9. b4 Be6 10. Rb1 f6
11. d3 a5 12. bxa5 Rxa5 13. Nb5 Qd7 14. Be3 Ra6 15. Qc1 Nd5 16. Rd1 Nd8 17. Nxe5 fxe5 18. Bxd5 Bxd5 19. Qxc7 Qe6 20. d4 exd4
21. Rxd4 Bc6 22. Nd6 Bf6 23. Nxb7 Qh3 24. f3 Ne6
0-1